<?xml version="1.0" encoding="UTF-8"?>
<resp>
  <nextPage>https://data.bn.org.pl/api/networks/bibs.marcxml?marc=001+b00001150002854&amp;sinceId=1150002855</nextPage>
  <collection>
    <record xmlns='http://www.loc.gov/MARC21/slim'><leader>00602namZa2200217ZiZ4500</leader><controlfield tag='001'>b00001150002854</controlfield><controlfield tag='005'>20241211035759.9</controlfield><controlfield tag='008'>230609s        pl           |000 0 pol c</controlfield><controlfield tag='009'>9913261441105606</controlfield><datafield ind1=' ' ind2=' ' tag='035'><subfield code='a'>KR_1KR_1_20120317233524018692-48omnis_kr</subfield></datafield><datafield ind1=' ' ind2=' ' tag='035'><subfield code='a'>KR_1_20120317233524018692</subfield><subfield code='9'>ExL</subfield></datafield><datafield ind1=' ' ind2=' ' tag='035'><subfield code='a'>(PL)b00001150002854</subfield></datafield><datafield ind1=' ' ind2=' ' tag='040'><subfield code='a'>KR_1</subfield><subfield code='c'>KR_1</subfield></datafield><datafield ind1=' ' ind2=' ' tag='100'><subfield code='a'>W-wa :</subfield><subfield code='b'>Prószyńs</subfield></datafield><datafield ind1=' ' ind2=' ' tag='245'><subfield code='c'>2000.</subfield></datafield><datafield ind1=' ' ind2=' ' tag='300'><subfield code='a'>Powieść angielsk</subfield></datafield><datafield ind1=' ' ind2=' ' tag='490'><subfield code='y'>21 w.</subfield></datafield><datafield ind1=' ' ind2=' ' tag='852'><subfield code='b'>48OMNIS_NETWORK</subfield><subfield code='8'>9913261441105606</subfield></datafield><datafield ind1=' ' ind2=' ' tag='852'><subfield code='b'>48OMNIS_KR</subfield><subfield code='8'>991000028529708216</subfield></datafield></record>
  </collection>
</resp>
